000 00501nam a2200193Ia 4500
005 20240823042342.0
008 240823s9999||||xx |||||||||||||| ||und||
020 _a81-7366-228-2
041 _aENGLISH
082 _A005.133 P2
100 _aBrett Mclaughlin
245 0 _aBuilding Java Enterprise applications
250 _a1st
260 _c2002
_b"Shroff Publishers and Distributers Pvt.Ltd,M"
500 _aTRANSFERED
650 _aJAVA
_bComputer Science
942 _cBK
999 _c207667
_d207667